Vietnam local consultations on the draft comprehensive poverty reduction and growth strategy 2002

Na minha lista:
Detalhes bibliográficos
Autor principal: Shanks, Edwin
Formato: Livro
Idioma:Undetermined
Publicado em: Washington, D. C. The World Bank 2001
Assuntos:
Tags: Adicionar Tag
Sem tags, seja o primeiro a adicionar uma tag!
Thư viện lưu trữ: Trung tâm Học liệu Trường Đại học Cần Thơ
LEADER 00572nam a2200181Ia 4500
001 CTU_62963
008 210402s9999 xx 000 0 und d
082 |a 362.5 
082 |b S524/Vol.2 
100 |a Shanks, Edwin 
245 0 |a Vietnam local consultations on the draft comprehensive poverty reduction and growth strategy 2002 
245 0 |c Edwin Shanks and Carrie Turk 
260 |a Washington, D. C. 
260 |b The World Bank 
260 |c 2001 
650 |a Poverty 
904 |i Minh (Nguyên sửa) 
980 |a Trung tâm Học liệu Trường Đại học Cần Thơ